000 00644pam a2200229 i 4500
001 818561
005 20180309034926.0
008 761028s1977 nyuaf b 001 0 eng
010 _a 76043465
020 _a0465070434 :
_c$16.50
040 _aDLC
_cDLC
_dDLC
041 _aeng
043 _an-us---
080 _a301.43150973 KET
082 0 0 _a301.43150973 KET
100 1 _a50
101 _aSOC
245 1 0 _aRites of passage :
_cJoseph F. Kett.
504 _aIncludes bibliographical references and index.
906 _a7
_bcbc
_corignew
_d1
_eocip
_f19
_gy-gencatlg
942 _2ddc
_cBK
999 _c44536
_d44536